00336pab a2200133 454500008004000000100001500040245003700055260000900092300001200101362001200113650003700125650002100162773001900183180718b1997 xxu||||| |||| 00| 0 eng d aMoody, Kim aAmerican labor: a movement again c1997 ap.63-79 aJul-Aug aLabour movements - United States aLabour movements aMonthly Review